00319nam a22001217a 4500003000400000082001900004100001900023245004500042260004500087300001000132500004300142546001200185OSt a338.91bFIE/PO aFields, Gary S aPoverty, inequality, and development V.1 aLondonbCambridge university pressc1980 a108p. aReceived as gratis from Dr. M Mohandas aEnglish